ناچ گان / (Record no. 197193)

MARC details
000 -LEADER
fixed length control field 00586nam a22001937a 4500
005 - DATE AND TIME OF LATEST TRANSACTION
control field 20230817155923.0
010 ## - LCCN (DPL NO)
LC control number UR-12135
020 ## - INTERNATIONAL STANDARD BOOK NUMBER
International Standard Book Number 9789395400145
Terms of availability 200.00
035 ## - SYSTEM CONTROL NUMBER
System control number U-10690
037 ## - SOURCE OF ACQUISITION
Source of stock number/acquisition DBAD/PUB
082 ## - DEWEY DECIMAL CLASSIFICATION NUMBER
Classification number ک
100 ## - MAIN ENTRY--PERSONAL NAME
Personal name ارملا شر یش
245 ## - TITLE STATEMENT
Title ناچ گان /
Statement of responsibility, etc ارملا شر یش
246 ## - VARYING FORM OF TITLE
Title proper/short title Naach Gaan (stories) /
Remainder of title by Urmila Shirish
260 ## - PUBLICATION, DISTRIBUTION, ETC. (IMPRINT)
Place of publication, distribution, etc New Delhi
Name of publisher, distributor, etc Educational Publishing House
Date of publication, distribution, etc 2022 ء
270 ## - ADDRESS
Address H.O. D1/16, Ansari Road, Darya Ganj
City New Delhi
Postal code 110002
300 ## - PHYSICAL DESCRIPTION
Extent 147 ص
Dimensions 22cm(pbk)
942 ## - ADDED ENTRY ELEMENTS (KOHA)
Source of classification or shelving scheme Dewey Decimal Classification
Item type Urdu Bks
Call number suffix ا ر م
Edition
Classification part ک
Holdings
Withdrawn status Lost status Not for loan Collection code Home library Current library Date acquired Source of acquisition Cost, normal purchase price Full call number Barcode Copy number Cost, replacement price Koha item type
      Fiction Kadipur Kadipur 17/08/2023 DBAD/PUB 200.00 ک ا ر م U-10690 1 200.00 Urdu Bks

© Delhi Public Library
Hit Counter
free hit counter